| 000 | 00891nam a22002537a 4500 | ||
|---|---|---|---|
| 999 |
_c1064 _d1064 |
||
| 003 | AR-CdUCM | ||
| 008 | 190226b ||||| |||| 00| 0 spa d | ||
| 020 | _a9681616065 | ||
| 040 |
_aMUNICIPALIDAD PROVINCIAL DEL CUSCO _cBIBLIOTECA MUNICIPAL DEL CUSCO |
||
| 082 |
_a869.5 / _bB17 |
||
| 100 |
_aBalam, Chilam _94157 |
||
| 245 |
_aEl libro de los libros / _cBalam, Chilam |
||
| 260 |
_aMexico : _bFondo de cultura economica, _c1984. |
||
| 300 |
_a212 paginas ; _c25cm. |
||
| 505 | _aCronica Matichu -- Los textos profeticos -- Primera rueda Profetica -- Segunda rueda profetica -- Textos profeticos .... | ||
| 650 |
_aTextos Profeticos _94158 |
||
| 650 |
_aLengua Maya _94159 |
||
| 650 |
_aDescubrimiento y Conquista _92362 |
||
| 650 |
_aLectura _92069 |
||
| 700 |
_aBarrera Vasquez, Alfredo _94160 |
||
| 700 |
_aRendon, Silvia _94161 |
||
| 942 |
_2ddc _cLIBROS |
||
| 945 |
_apjha _d2019-02-25 |
||